| 000 | 06040cam a2200673 a 4500 | ||
|---|---|---|---|
| 001 | 15521187 | ||
| 005 | 20091026144240.0 | ||
| 007 | co |g||||||||| | ||
| 008 | 081113s2010 nyu |r 001 0 eng | ||
| 010 | _a 2008049416 | ||
| 020 | _a0071284214 | ||
| 020 | _a9780071284219 | ||
| 035 | _a(OCoLC)ocn272307941 | ||
| 040 |
_aDLC _cDLC _dYDXCP _dUPM _dYDX _dDLC |
||
| 050 | 0 | 0 |
_aTA357 _b.C43 2009 |
| 082 | 0 | 0 |
_a620.106 _222 _bCEN |
| 100 | 1 |
_aCengel, Yunus A. _913234 |
|
| 245 | 1 | 0 |
_aFluid Mechanics : _bFundamentals and Applications / _cYunus A. Cengel, John M. Cimbala |
| 250 | _a2nd ed. in SI Units | ||
| 260 |
_aBoston : _bMcGraw-Hill Higher Education, 2010 _cc2010. |
||
| 300 |
_axxiii, 980 p. : _bcol. ill. ; _c27 cm. + _e1 DVD-ROM (4 3/4 in.) |
||
| 490 | 0 |
_aCengel Series in Engineering Thermal-Fluid Sciences. _923153 |
|
| 504 | _aIncludes bibliographical references and index. | ||
| 538 | _aSystem requirements: Pentium processor with Windows 98 or newer. | ||
| 650 | 0 |
_aFluid dynamics. _913235 |
|
| 653 |
_bMec _cOctober2011 |
||
| 700 | 1 |
_aCimbala, John M. _913236 |
|
| 856 | 4 | 1 |
_3Table of contents only _uhttp://www.loc.gov/catdir/toc/fy0906/2008049416.html |
| 942 |
_2ddc _cBB |
||
| 999 |
_c13809 _d13809 |
||